000 02644cam a2200373 i 4500
003 SA-RiAUC
005 20240917064405.0
008 240916s2004 ua g b 001 0 ara c
020 _a9789773391249
020 _a9773391248
024 0 _a00000000296114
040 _aSA-DaKAC
_bara
_cSA-RiAUC
_dKAC
_erda
043 _aa-su---
050 4 _bF37 2004
082 0 4 _a953.121
_bت ق ي
090 _a953.121
_bت ق ي
100 1 _aالتقي الفاسي، محمد بن أحمد بن علي،
_d775-832 هجري
_eمؤلف.
245 1 2 _aالزهور المقتطفة من تاريخ مكة المشرفة /
_cللإمام الفاسي المكي ؛ تقديم وتحقيق وتعليق الدكتور محمد زينهم محمد عزب.
250 _aالطبعة الأولى.
264 1 _aالقاهرة :
_bالدار الثقافية للنشر،
_c2004
300 _a263 صفحة ؛
_c24 × 17 سم
336 _aنص
_btxt
_2rdacontent
_3كتاب
337 _aبدون وسيط
_bn
_2rdamedia
338 _aمجلد
_bnc
_2rdacarrier
500 _aكشافات : صفحة 223-254.
504 _aببليوجرافية : صفحة 255-260.
505 0 _aالمحتويات : الباب الأول : في ذكر مكة المشرفة وحكم بيع دورها وإجارتها-الباب الثاني : في أسماء مكة-الباب الثالث : في ذكر حرم مكة وسبب تحريمة وتحديده-لباب الرابع : في ذكر شئ من الأحاديث والآثار الدالة على حرمة مكة-الباب الخامس : في الأحاديث الدالة على أن مكة المشرفة أفضل من غيرها-الباب السادس : في المجاورة بمكة والموت فيها وشئ من أفضل أهلها-الباب السابع : في أخبار عمارة الكعبة المعظمة-الباب الثامن : في صفة الكعبة المعظمة وذرعها وشاذرواتها وحليتها-لبابا التاسع : في بيان مصلى النبي صلى الله عليه وسلم في الكعبة المعظمة-الباب العاشر : في ثواب دخول الكعبة المعظمة ... وموضوعات أخرى.
651 7 _aمكة المكرمة
_xتاريخ
_2aucsh
700 1 2 _iتحقيق لـ (عمل) :
_aالتقي الفاسي، محمد بن أحمد بن علي،
_d775-832 هجري.
_tالزهور المقتطفة من تاريخ مكة المشرفة.
700 1 _aعزت، محمد زينهم محمد
_eمقدم.
942 _2ddc
_cBOOK
949 _aSA-JeALM
_d240916
_umohamedma123
_n1
999 _c351
_d351